|
|
|
|
| LEADER |
00000cam a2200000 a 4500 |
| 001 |
vtls001385200 |
| 003 |
SK-MaSNL |
| 005 |
20260301161454.0 |
| 008 |
250414s1999 xo ba r 100 0 eng |
| 015 |
|
|
|a SNBA2000/05-01694
|
| 020 |
|
|
|a 8088853257
|
| 035 |
|
|
|a SNK000339324
|
| 035 |
|
|
|a urn:nbn:sk:snk-amjs84
|
| 035 |
|
|
|a urn:nbn:sk:snk:ar-a0bkyd
|
| 035 |
|
|
|a 54cf60f7-0edd-4e0c-b0b9-9280928c4fa1
|
| 040 |
|
|
|a SNK
|b slo
|c SNK
|e AACR2
|
| 041 |
0 |
|
|a eng
|
| 044 |
|
|
|a xo
|c SK
|
| 080 |
|
|
|a 630*9(082)=00
|2 1981
|
| 245 |
0 |
0 |
|a Improving working conditions and increasing productivity in forestry
|b seminar proceedings : the seminar was held in Banská Štiavnica, from 9 to 13 September 1998 ...
|
| 260 |
|
|
|a Zvolen
|b Forest Research Institute
|c 1999
|
| 300 |
|
|
|a 296 s.
|b mp., sch., tab.
|c 29 cm
|
| 500 |
|
|
|a Čiast. text franc. a rus.
|
| 504 |
|
|
|a Bibliogr. odkazy. Res. angl., franc. a rus.
|
| 650 |
0 |
7 |
|a lesníctvo
|x produktivita
|x podmienky pracovné
|x zborníky
|2 SNK
|9 524538
|
| 655 |
|
7 |
|a zborníky konferencií
|2 SNKPH
|9 70153
|
| 655 |
|
7 |
|a issue_zb
|2 SNK
|9 276493
|
| 852 |
|
|
|a Slovenská národná knižnica
|
| 919 |
|
|
|a 80-88853-25-7
|
| 954 |
|
|
|a odborná, vedecká literatúra pôvodná (slovenská)
|2 lita
|
| 954 |
|
|
|a odborná, vedecká literatúra cudzojazyčná (svetová)
|2 lita
|
| 958 |
|
|
|a OND
|
| 958 |
|
|
|a ART
|
| 958 |
|
|
|a TL
|
| 958 |
|
|
|a NB
|
| 999 |
|
|
|c 809578
|d 811508
|
| 952 |
|
|
|t P60, <03>, [BOOK], {603}
|a SNK
|b SNK
|y PREZ
|7 0
|p 17A0232404
|o snkSB 61541
|i snkKSP 3022/2000
|0 0
|1 0
|4 0
|d 2000-03-17
|f 1
|l 0
|r 2025-04-15 00:00:00
|w 2026-02-24
|
| 952 |
|
|
|t P60, <04>, [BOOK], {604}
|a SNK
|b SNK
|y VYP
|7 0
|p 17A0232405
|o snkSB 61541 D1
|i snkKSP 3023/2000
|0 0
|1 0
|4 0
|d 2000-03-17
|l 0
|r 2005-01-02 00:00:00
|w 2026-02-24
|